Bioastronautics (Record no. 2635)

MARC details
000 -LEADER
fixed length control field 00632nam a2200205Ia 4500
003 - CONTROL NUMBER IDENTIFIER
control field IN-BaIIA
008 - FIXED-LENGTH DATA ELEMENTS--GENERAL INFORMATION
fixed length control field 211028s9999 xx 000 0 eng d
040 ## - CATALOGING SOURCE
Transcribing agency IIA Library
080 ## - UNIVERSAL DECIMAL CLASSIFICATION NUMBER
Universal Decimal Classification number 629.19
Item number SCH
245 #0 - TITLE STATEMENT
Title Bioastronautics
Statement of responsibility, etc. edited by Karl E. Schaefer
260 ## - PUBLICATION, DISTRIBUTION, ETC.
Place of publication, distribution, etc. New York
Name of publisher, distributor, etc. Macmillan
Date of publication, distribution, etc. 1964
300 ## - PHYSICAL DESCRIPTION
Extent viii, 406p.
500 ## - GENERAL NOTE
General note Electronic reproduction. [S.l.] : HathiTrust Digital Library, 2010. MiAaHDL
650 ## - SUBJECT ADDED ENTRY--TOPICAL TERM
Topical term or geographic name entry element Astronomy and Astrophysics Thesaurus
650 ## - SUBJECT ADDED ENTRY--TOPICAL TERM
Topical term or geographic name entry element Bioastronautics
9 (RLIN) 4692
650 ## - SUBJECT ADDED ENTRY--TOPICAL TERM
Topical term or geographic name entry element Space biology.
9 (RLIN) 4693
650 ## - SUBJECT ADDED ENTRY--TOPICAL TERM
Topical term or geographic name entry element Space Flight.
9 (RLIN) 3424
700 ## - ADDED ENTRY--PERSONAL NAME
Personal name Schaefer, E. Karl ed.
9 (RLIN) 4694
942 ## - ADDED ENTRY ELEMENTS (KOHA)
Koha item type Books
Holdings
Withdrawn status Lost status Source of classification or shelving scheme Damaged status Not for loan Home library Current library Shelving location Date acquired Cost, normal purchase price Total Checkouts Full call number Barcode Date last seen Cost, replacement price Price effective from Koha item type Purchase Price
    Dewey Decimal Classification     IIA Library-Bangalore IIA Library-Kodaikanal General Stacks 30/03/1966 72.00   629.19/ SCH 2940 05/11/2021 72.00 30/03/1966 Books Rs. 72.00

Powered by Koha